000 01375nam0a2200289 4500
001 RU\NLR\bibl\743004
005 20260407073156.0
021 _aRU
_b2004-65463
_93226
035 _a(NLR Aleph) 000732864
090 _a773731
_c773731
100 _a20050401d2004 |||y0rusy50 ca
101 0 _arus
102 _aRU
105 _aa |||||||||
200 1 _aРешения для защиты электропитания серверов и локальных сетей ИБП Smart-UPT
_eКачественная защита электропитания серверов и сетевого обслуживания
_fAPC Legendary Rreliability
210 _a[Б.м.
_cб.и.
_d2004]
215 _a19, [1] с.
_cцв. ил.
_d28
606 0 _aSMART-UPS, источники бесперебойного питания
_92326386
_3RU\NLR\auth\661391463
606 0 _aЛокальные вычислительные сети
_xЭлектропитание
_xЗащита
_92326388
_3RU\NLR\auth\661391464
686 _aЗ988.02-421
712 0 2 _8rus
_8eng
_aAmerican Power Conversion, компания
_cСША
_7ba
_7ca
_3RU\NLR\AUTH\8810036960
_9572623
801 0 _aRU
_bNLR
_c20040202
_gPSBO
801 1 _aRU
_bNLR
_c20040202
942 _cBOOK
980 _aNB